000 00821nam a22002777a 4500
003 CHAP
005 20220329134121.0
008 971013s1961 r 00010 d
010 _a15626
011 _a16598
035 _a20680
040 _cCHAP
082 _a631.603
_bH5
100 0 0 _aHine, H. J.
_955498
245 _aDictionary of agricultural engineering ...
260 _aCambridge :
_bHeffer,
_c1961
300 _a252 p.
590 _aBATCH-UPD
_b10
_c20130110
_lUCH01
_h2212
590 _aBATCH-UPD
_b10
_c20130410
_lUCH01
_h1514
590 _aBATCH-UPD
_b10
_c20130914
_lUCH01
_h1639
590 _aCONVERSION
_b10
_c20130109
_lUCH01
_h1310
650 1 4 _aIngeniería agrícola
_xDiccionarios.
_958199
901 _aBK
942 _cLIBRO
949 _a631.603 H5
_bBC
_cLIBRO
_d33724000647285
_eLIBRO
_h25928
_i20680
_si
999 _c15626
_d15626